000 00478nam a2200193Ia 4500
005 20250425162446.0
008 250425s9999 xx 000 0 und d
020 _a0127514015
041 _aeng
082 _a594
245 0 _aTHE MOLLUSCA VOL. 1: METABOLIC BIOCHEMISTRY AND MOLECULAR BIOMECHANICS
250 _aS.E.
260 _aEstados Unidos
_bACADEMIA PRESS
_c1983
260 _aNEW YORK
300 _a510
650 _aMOLUSCOS
942 _c01
010 _a75551
999 _c229657
_d229657